[Event "Sautron op 13th"]
[Site "Sautron"]
[Date "2013.10.30"]
[Round "6"]
[White "Ider, Borya"]
[Black "Riff, Jean Noel"]
[Result "1/2-1/2"]
[WhiteElo "2377"]
[BlackElo "2445"]
[Annotator "Ftacnik,L/Primel,D"]
[PlyCount "79"]
[EventDate "2013.10.26"]
[EventType "swiss"]
[EventRounds "9"]
[EventCountry "FRA"]
[SourceTitle "EXT 2016"]
[Source "ChessBase"]
[SourceDate "2015.10.08"]
[SourceVersion "1"]
[SourceVersionDate "2015.10.08"]
[SourceQuality "1"]
[TimeControl "40/5400+30:1800+30"]
[WhiteClock "1:30:00"]
[BlackClock "1:30:00"]

1. d4 {[%emt 0:00:00]} Nf6 {[%emt 0:00:00]} 2. Nf3 {[%emt 0:00:00]} e6 {
[%emt 0:00:00]} 3. g3 {[%emt 0:00:00]} d5 {[%emt 0:00:00]} 4. c4 {[%emt 0:00:
00] Transposant sur une Catalane} Bb4+ {[%emt 0:00:02]} 5. Bd2 {[%emt 0:00:00]}
Be7 {[%emt 0:00:05]} 6. Bg2 {[%emt 0:01:07]} O-O {[%emt 0:00:06]} 7. O-O {
[%emt 0:02:51]} c6 {[%emt 0:00:31]} 8. Qb3 {[%emt 0:01:43][%cal Gd2b4] Une
idée intéressante pour échanger le bon B des Noirs par Bb4} (8. Qc2) (8. Bf4
) 8... Nbd7 {[%emt 0:00:17]} (8... a5 $142 $1 {Un coup multifonction qui
empêche Bb4 tout en menaçant de gagner de l'espace à l'aile-dame avec la
poussée a5a4 avec gain de temps sur la Q} 9. Rd1 Nbd7 10. Bf4 {Mamedyarov,S 
(2775)-Kovalenko,I (2644) World Cup ACP rapid 2013 (1.1) 1/2}) (8... b6) 9. Bb4
{[%emt 0:00:31]} (9. Rc1 Nb6 10. Ba5 dxc4 11. Qd1 Qd5 12. Bc3 Qb5 13. a4 Qa6
14. Nbd2 Nbd5 15. Ne5 c5 16. Ndxc4 Nxc3 17. bxc3 Nd7 18. Qb3 Rb8 19. Qb5 Qxb5
20. axb5 cxd4 21. cxd4 Nxe5 22. Nxe5 f6 23. Nc4 Bd7 24. b6 axb6 25. Nxb6 Be8
26. Rab1 Bg6 27. Ra1 Rfd8 28. e3 Bd3 29. Bh3 f5 30. Bf1 Bxf1 31. Kxf1 Rd6 32.
Rcb1 Bd8 33. Nc4 Rd7 34. Ne5 Rc7 35. Ra6 b6 36. Kg2 Bf6 37. Nd3 Rcb7 38. Rb5
Bd8 {Kramnik,V (2799)-Leko,P (2730) Dortmund 2012 1/2-1/2 (134)}) 9... Bxb4 {
[%emt 0:00:05]} 10. Qxb4 {[%emt 0:00:05]} a5 {[%emt 0:00:02]} (10... Qb6 $5)
11. Qc3 {[%emt 0:00:19]} b5 $11 {[%emt 0:01:54]} 12. c5 {[%emt 0:02:03][%csl
Rc6,Rc8]} b4 {[%emt 0:00:14][%cal Gc8a6] Gagnant un tempo important} 13. Qc2 {
[%emt 0:00:29]} Ba6 {[%emt 0:00:11]} 14. Re1 {[%emt 0:01:16]} (14. a3 $5 {
[%csl Ga1][%cal Ga1a8] Un coup candidat naturel dans ce genre de structure} b3
$1 15. Qxb3 Bxe2 $132) 14... Ne4 {[%emt 0:13:08]} 15. Nbd2 {[%emt 0:06:31]} f5
$5 $146 {[%emt 0:00:40]} (15... Nxd2 16. Qxd2 Qc7 17. a3 Bc4 18. Qc2 e5 19. b3
Ba6 20. e4 exd4 21. Nxd4 bxa3 22. exd5 cxd5 23. Bxd5 Rac8 24. c6 Ne5 25. Be4
Rfd8 26. Qc3 g6 27. Rxa3 Qb6 28. Rxa5 Rxd4 29. Rxe5 Rb4 30. Bd5 {1-0 (30)
Romanishin,O (2571)-Landa,K (2623) Kaskady 2002}) 16. Ne5 {[%emt 0:00:20]} (16.
a3 e5 $13 {Ftacnik,L}) 16... Nxe5 {[%emt 0:01:56]} 17. dxe5 {[%emt 0:00:06]}
Nxd2 $5 {[%emt 0:05:29] Evitant la manoeuvre Nf3d4 occupant une case forte} (
17... Qc7 18. f4 (18. Nf3 Bc4 19. Nd4 Qxe5) 18... g5 19. Kh1 gxf4 20. gxf4 Kh8
21. Nxe4 fxe4 22. e3 Rg8 23. Rg1 Qf7 (23... Rg7 24. Bh3 Qe7 25. Rxg7 Kxg7 26.
Rg1+) 24. Qf2 Qh5 $36) 18. Qxd2 {[%emt 0:00:37]} Qb8 $1 {[%emt 0:02:50][%cal
Gb8b5]} 19. Qd4 {[%emt 0:00:12]} Qb5 {[%emt 0:00:08]} 20. Rac1 {[%emt 0:08:20]}
(20. a3 $5) 20... Ra7 {[%emt 0:01:27]} 21. f4 {[%emt 0:01:59]} Qa4 {[%emt 0:04:
09]} 22. Ra1 {[%emt 0:00:20]} Qb5 {[%emt 0:00:08]} 23. Kf2 $1 {[%emt 0:04:25]}
Qc4 {[%emt 0:01:27]} 24. Ke3 {[%emt 0:00:21]} Rb8 {[%emt 0:01:08]} 25. Qxc4 {
[%emt 0:00:27]} Bxc4 {[%emt 0:00:03]} 26. Kd4 {[%emt 0:00:08]} a4 {[%emt 0:00:
09]} 27. e4 {[%emt 0:06:07]} (27. e3) (27. Bf1) 27... fxe4 {[%emt 0:00:37]} 28.
Bxe4 {[%emt 0:00:05]} Bxa2 {[%emt 0:00:07]} (28... a3 29. b3 Bxb3 $17) 29. Rxa2
{[%emt 0:00:10]} dxe4 {[%emt 0:00:05]} 30. Rea1 {[%emt 0:00:24]} Rba8 {[%emt 0:
03:43]} 31. Kxe4 {[%emt 0:01:32]} Ra5 {[%emt 0:07:39]} (31... a3) 32. Kd4 {
[%emt 0:00:26]} a3 {[%emt 0:01:18]} 33. bxa3 {[%emt 0:02:45]} bxa3 {[%emt 0:00:
30]} 34. Kc4 {[%emt 0:00:07]} Ra4+ {[%emt 0:01:41]} 35. Kb3 {[%emt 0:00:51] Le
P a3 va tomber mais le K Blanc est un peu exposé} Re4 {[%emt 0:00:38]} 36.
Rxa3 {[%emt 0:04:22]} Re3+ {[%emt 0:00:34]} 37. Kb2 {[%emt 0:00:10]} (37. Kb4)
37... Re2+ {[%emt 0:00:04]} 38. Kb3 {[%emt 0:00:03]} Re3+ {[%emt 0:00:13]} 39.
Kb2 {[%emt 0:00:04]} (39. Kb4 Re4+) 39... Re2+ {[%emt 0:00:04]} 40. Kb3 {
[%emt 0:00:00]} 1/2-1/2

[Event "Eksjo-09"]
[Site "Eksjo"]
[Date "1981.??.??"]
[Round "6"]
[White "Rantanen, Yrjo A"]
[Black "Forintos, Gyozo Victor"]
[Result "1-0"]
[WhiteElo "2460"]
[BlackElo "2465"]
[Annotator "Gagarin,V"]
[PlyCount "93"]
[EventDate "1981.08.??"]
[EventType "tourn"]
[EventRounds "11"]
[EventCountry "SWE"]
[EventCategory "7"]
[SourceTitle "MCL"]
[Source "ChessBase"]
[SourceDate "1999.07.01"]
[SourceVersion "1"]
[SourceVersionDate "1999.07.01"]
[SourceQuality "1"]

1. d4 Nf6 2. Nf3 e6 3. c4 Bb4+ 4. Nbd2 Ne4 $6 5. e3 Nxd2 (5... f5 6. Bd3 b6 7.
a3 $1 (7. O-O Bb7 8. Qc2 Nxd2 9. Nxd2 Qf6 $1 10. c5 $1 bxc5 11. Nc4 $1 d5 $8
12. Ne5 c6 13. a3 $14 {Petrosian,A-Sunye Neto/Novi Sad/1983/}) 7... Bxd2+ 8.
Nxd2 Nxd2 9. Bxd2 O-O 10. O-O Bb7 11. f3 d6 12. b4 $14 {Gavrikov,
V-Mnatsakanian,E/Tbilisi/1983/}) (5... Qe7 6. Bd3 Nxd2 7. Nxd2 e5 8. O-O Bxd2
9. Bxd2 d6 10. Qc2 Nc6 11. f4 exd4 12. Rae1 Kf8 13. exd4 Qf6 14. d5 Nd4 15. Qa4
Qd8 16. Be3 Nf5 17. Qc2 $16 {Mikhalchishin,A-Mats,E/Moscow/URS Spartakiada /
1979/1:0/27/}) 6. Bxd2 (6. Nxd2 $5 $14) 6... Qe7 7. Bd3 Nc6 8. O-O Bxd2 9. Qxd2
d6 10. Rac1 e5 11. Be4 exd4 $6 (11... O-O $5 $14) 12. exd4 {-/+/^e} O-O 13. Qf4
Qd7 14. Rfe1 Qg4 15. Qd2 $1 Qh5 16. d5 Nb8 $6 (16... Ne5 $5) 17. Nd4 Na6 (17...
Nd7 18. Nb5 $18) (17... a5 18. Nb5 Na6 19. Qxa5 $18) 18. b4 $1 Qh4 19. a3 $16 {
<-> a6} Qf6 20. Rc3 $1 g6 (20... Bd7 21. Rf3 Qd8 22. Qc2 $16) 21. Rf3 Qg7 (
21... Qd8 22. Qh6 $5 {P f5, h3} Re8 23. Rxf7 $1 Kxf7 24. Qxh7+ Kf8 25. Qh6+ Kg8
26. Qxg6+ Kf8 27. Qh6+ Kg8 28. Bh7+ Kf7 29. Qg6+ $18) 22. Bf5 $1 Kh8 (22...
gxf5 23. Rg3 $18) (22... Bxf5 23. Nxf5 $18) 23. Bxc8 Raxc8 24. Re7 $18 {
@ <-> a6} Rce8 25. Qe2 (25. Rfxf7 Qxf7 26. Rxf7 Rxf7 27. Ne6 $16) 25... Rxe7 (
25... Qxd4 26. Rxe8 Qa1+ 27. Qe1 $18) 26. Qxe7 Kg8 27. Rf4 Qh6 $6 (27... Qe5
28. Re4 Qxe7 29. Rxe7 $18) 28. g3 Qg7 29. Kg2 Qh6 {[+]} (29... Qe5 30. Ne6 $1
$18) 30. h4 Qg7 31. Re4 h6 (31... h5 32. Nf3 {P g5, f4,b5} f6 33. Nd4 Qxe7 34.
Rxe7 Rf7 35. Re8+ Rf8 36. Rxf8+ Kxf8 37. Nb5 $18) 32. h5 gxh5 (32... g5 33. Nf5
Qh8 (33... Qh7 34. Qf6 $18) 34. Re6 $1 fxe6 35. Qxe6+ Rf7 36. Qe8+ Rf8 37. Qg6+
$18) (32... Ra8 33. Rg4 $18 {P e6}) 33. Nf5 Qg6 34. Rf4 Qg5 35. Qd7 Kh8 36. Nh4
Qg7 37. Rf5 {P h5, f5 <->h6} f6 38. Qe6 Qf7 39. Qxf7 Rxf7 40. Rxh5 Re7 $4 {Time
} (40... Kh7 41. g4 $1 (41. Nf5 Kg6 42. g4 Rh7 $16) 41... Rg7 42. Kg3 Nb8 43.
Nf5 Rg6 44. Rh1 Nd7 45. f4 {P e1} Nb6 46. Re1 Nxc4 (46... h5 47. Re7+ Kh8 48.
Rxc7 Rxg4+ 49. Kf3 Rg1 50. Nxd6 $18) 47. Re7+ Kh8 48. Rxc7 Nxa3 49. Kh4 Nb5 50.
Rxb7 Nc3 51. Kh5 Rg8 52. Ne7 $18) (40... Kg7 41. g4 $1 $18 {P f5}) 41. Rxh6+ $4
$138 (41. Ng6+ $18) 41... Kg7 $2 (41... Kg8 42. Rxf6 Re4 43. Rf4 $18) 42. Nf5+
Kf7 43. Rh7+ Kg6 44. Rxe7 Kxf5 45. b5 Nc5 46. Rxc7 Ke4 47. f3+ 1-0

[Event "Olympiad-31"]
[Site "Moscow"]
[Date "1994.12.02"]
[Round "2.3"]
[White "Ulybin, Mikhail"]
[Black "Gostisa, Leon F"]
[Result "1-0"]
[WhiteElo "2510"]
[BlackElo "2420"]
[Annotator "Gagarin,V"]
[PlyCount "43"]
[EventDate "1994.12.01"]
[EventType "team-swiss"]
[EventRounds "14"]
[EventCountry "RUS"]
[SourceTitle "CBM 045"]
[Source "ChessBase"]
[SourceDate "1995.04.01"]
[SourceVersion "1"]
[SourceVersionDate "1995.04.01"]
[SourceQuality "1"]
[WhiteTeam "Russia II"]
[BlackTeam "Slovenia"]
[WhiteTeamCountry "RUS"]
[BlackTeamCountry "SLO"]

1. d4 Nf6 2. c4 e6 3. g3 Bb4+ 4. Bd2 c5 5. Bxb4 cxb4 6. Bg2 O-O 7. Nf3 d6 8.
O-O Re8 9. a3 Nc6 10. d5 exd5 11. cxd5 Ne7 12. axb4 Qb6 $2 (12... Nexd5 13. b5
Qb6 (13... Bg4 14. Ra4 Qd7 15. Na3 Nb6 16. Rd4 d5 $13 {Magerramov,E-Dizdar,G/
Baku/1988/0,5/40/}) 14. Na3 Bd7 15. Qd3 a6 16. Nd4 Rac8 17. Rfc1 Rc5 18. Nc4
Qc7 19. Nb3 axb5 20. Nxc5 bxc4 21. Qxc4 Qxc5 22. Qxc5 dxc5 23. Rxc5 Bc6 $10 {
Garcia Padron,J-Kortschnoj,V/Las Palmas/1991/0,5/27/}) 13. Nc3 Qxb4 $8 14. Qd4
$1 Qxd4 (14... Qxb2 $4 15. Ra2 $18) 15. Nxd4 $16 Rd8 $2 (15... a6 $1 16. e4 Bd7
17. f4 (17. Na4 Nc8 18. f3 b5 19. Nc3 $14) 17... Ng6 $16) 16. e4 Bd7 17. f4 $1
{/\ e5/} Be8 (17... Ng6 $5 $16) 18. Ra5 $1 {/\ e5/} b6 19. Ra6 Bd7 20. Rfa1 $18
Nc8 21. e5 Ng4 22. e6 (22. e6 Be8 23. Nc6 Bxc6 24. dxc6 $18 {/\ c7/}) 1-0

[Event "Jakarta"]
[Site "Jakarta"]
[Date "1994.??.??"]
[Round "1"]
[White "Adianto, Utut"]
[Black "Hracek, Zbynek"]
[Result "0-1"]
[WhiteElo "2535"]
[BlackElo "2510"]
[Annotator "Gagarin,V"]
[PlyCount "94"]
[EventDate "1994.04.??"]
[EventType "tourn"]
[EventRounds "13"]
[EventCountry "INA"]
[EventCategory "10"]
[SourceTitle "CBM 041"]
[Source "ChessBase"]
[SourceDate "1994.08.01"]
[SourceVersion "1"]
[SourceVersionDate "1994.08.01"]
[SourceQuality "1"]

1. d4 Nf6 2. c4 e6 3. Nf3 Bb4+ 4. Bd2 Qe7 5. g3 Nc6 6. Nc3 Bxc3 7. Bxc3 Ne4 8.
Rc1 d6 9. Bg2 O-O 10. O-O Nxc3 11. Rxc3 e5 12. d5 Nb8 13. Nd2 a5 (13... Nd7 14.
b4 (14. e4 a5 15. f4 $6 (15. Re3 Nc5 16. f4 f6 17. b3 Bd7 18. Qe2 Rfb8 19. a4
$1 c6 20. f5 Be8 21. dxc6 bxc6 22. g4 Bf7 $5 23. h4 Na6 24. Rg3 Kh8 25. g5 Bg8
26. Kh2 Nb4 27. Nf3 Ra7 {Adianto,U-Lawson,D/Gausdal/1992/0,5 (45)/}) (15. Qe2
Nc5 16. f4 Bd7 17. f5 f6 18. b3 c6 19. h4 Rfb8 20. a4 Be8 21. dxc6 bxc6 22. g4
Rb4 (22... Bf7 $5 {/\Na6-b4 Polugaevsky/} 23. Rff3 $1 Qa7 $1 24. Rfe3 $1 $14 {
Polugaevsky,L-Beliavsky,A/Reggio Emilia/1991/1:0 (42) Inf 53/490/})) (15. Bh3
$5 Nc5 16. Bxc8 Raxc8 17. b3 c6 18. Qe2 {/\a3,b4,c5+/-; Savon,V-Hlusevich,S/
Uzhgorod/1988/1:0 (33)/}) 15... exf4 16. gxf4 f5 $1 $10) 14... f5 15. c5 $1 e4
16. f3 $14 {Vyzmanavin,A-Petrosian,A/Moscow(GMA)/1989/1:0 (37) Inf 47/610/})
14. e4 (14. c5 Bd7 $6 (14... Na6 $1 15. cxd6 cxd6 16. Nc4 Qd8 $1 17. a3 (17. e4
b5 18. Ne3 Nc5 19. f4 b4 20. Rc2 Ba6 $15) (17. Qb3 Nc5 18. Qb6 Na4 19. Qxd8
Rxd8 20. Rb3 b5 $1 $10) (17. Rb3 Nc5 18. Rb6 Qc7 19. Rxd6 Ne4 20. Bxe4 Qxc4 21.
Bb1 Bh3 22. Qd3 Qxd3 23. Bxd3 Bxf1 24. Kxf1 $15) (17. a4 b6 18. f4 exf4 19.
gxf4 f5 20. e4 fxe4 21. Bxe4 Nc5 22. Bc2 Ra7 23. Rg3 Qf6 $13 {Piesina,G-Hracek,
Z/JUG/1992/1:0 (65)/}) 17... b5 18. Nd2 Bd7 19. Qb1 b4 20. axb4 axb4 21. Rcc1
Nc5 22. Ne4 Bf5 $15 {Khalifman,A-Adams,M/Groningen/1990/0:1 (39)/}) 15. Nc4 Bb5
16. Qb3 $1 Bxc4 17. Qxb7 Bxe2 18. cxd6 Qxd6 19. Qxa8 $16 {Razuvaev,Y-Benjamin,
J/Moscow/1987/1:0 (30) Inf 44/626/}) 14... Na6 (14... Nd7) 15. Qe2 $1 (15. f4
$6 exf4 16. gxf4 f5 $1 17. Qc1 (17. Rg3 Nc5 18. Re1 fxe4 19. Nxe4 Nxe4 20. Bxe4
Qf6 $10) (17. Re3 fxe4 18. Nxe4 Nc5 19. Qd4 Nxe4 20. Rxe4 Qf6 $10) 17... fxe4
18. Nxe4 Bf5 19. Re3 Bxe4 20. Bxe4 Qf6 $15) 15... c6 16. f4 Bd7 (16... exf4 $6
17. gxf4 f5 18. e5 $16) 17. f5 f6 18. b3 a4 $1 (18... cxd5 19. exd5 $5 (19.
cxd5 b5 $13) 19... a4 20. Ne4 $14) 19. h4 axb3 20. axb3 c5 (20... cxd5 $5 21.
exd5 Nb4) 21. g4 Nb4 22. Rg3 Ra2 23. g5 Nc2 24. Nf3 $1 Rfa8 25. Rf2 $1 Kh8 26.
Bf1 Be8 (26... Nd4 $6 27. Qxa2 $1 Nxf3+ (27... Rxa2 28. Rxa2 Nxb3 $2 29. gxf6
gxf6 30. Ra8+ Be8 31. Nh2 Nd2 32. Be2 Nxe4 33. Rg2 Qf7 34. Ng4 $18) 28. Rgxf3
Rxa2 29. Rxa2 fxg5 30. Ra8+ Be8 31. hxg5 Qxg5+ 32. Kh1 Qe7 33. b4 $1 $36) 27.
gxf6 gxf6 (27... Qxf6 $2 28. Ng5 {/\Ne6+/=/}) 28. Nh2 Nb4 (28... Nd4 $6 29.
Qxa2 Rxa2 30. Rxa2 $16) 29. Qg4 Qf8 30. Rxa2 Rxa2 31. h5 b6 $1 (31... h6 $2 32.
Qh4 {/\Ng4+/-/}) 32. Qh4 Ra7 33. Ng4 Rf7 34. h6 $2 (34. Rg2 $5 Bd7 35. Kh2 (35.
Qg3 Be8 36. Nh6 $2 Rg7 $17) 35... Be8 36. Ne3 Rg7 37. Rxg7 (37. Rg6 $2 hxg6 38.
hxg6+ Kg8 39. Ng4 Rxg6 $1 40. fxg6 Bxg6 $17) 37... Kxg7 38. h6+ (38. Ng4 h6 $10
) 38... Kf7 39. Ng4 Ke7 $10) 34... Nc2 $1 35. Qh2 Nd4 36. Qa2 Bd7 37. Kh2 Bxf5
$1 38. exf5 Nxf5 39. Rh3 Nd4 40. Ne3 f5 $36 41. Nc2 Rf6 (41... e4 $2 42. Nxd4
$1 cxd4 43. Qa1 $16) 42. Nxd4 cxd4 43. Qa7 (43. Qd2 f4 $10) 43... Rg6 (43...
Rxh6 $6 44. Qxb6 f4 45. Rxh6 Qxh6+ 46. Bh3 Qf6 47. c5 d3 48. Qxd6 $18) 44. Qxb6
f4 45. Bd3 $1 (45. Be2 f3 $1) 45... f3 (45... Rxh6 $6 46. Rxh6 Qxh6+ 47. Kg1
Qg5+ 48. Kf1 $13) 46. Bxg6 $1 Qf4+ (46... f2 $4 47. Bd3 Qf4+ 48. Rg3) 47. Rg3
$4 (47. Kh1 $8 Qc1+ 48. Kh2 Qd2+ 49. Kg3 Qf4+ 50. Kf2 Qe3+ 51. Kg3 f2+ 52. Kg2
Qxh3+ 53. Kxf2 $10) 47... Qh4+ $1 0-1

[Event "Bundesliga 0102"]
[Site "Germany"]
[Date "2001.10.05"]
[Round "5.1"]
[White "Georgiev, Kiril"]
[Black "Aronian, Levon"]
[Result "1-0"]
[WhiteElo "2695"]
[BlackElo "2562"]
[Annotator "Georgiev,Ki/Kostakiev,D"]
[PlyCount "68"]
[EventDate "2001.10.06"]
[EventType "team-tourn"]
[EventRounds "15"]
[EventCountry "GER"]
[SourceTitle "CBM 087"]
[Source "ChessBase"]
[SourceDate "2002.03.21"]
[SourceVersion "1"]
[SourceVersionDate "2002.03.21"]
[SourceQuality "1"]
[WhiteTeam "Castrop Rauxel"]
[BlackTeam "Wattenscheid"]
[WhiteTeamCountry "GER"]
[BlackTeamCountry "GER"]

1. c4 Nf6 2. Nf3 e6 3. d4 Bb4+ {introduced by Noa,J 1883} 4. Nbd2 ({The first
games was met by:} 4. Bd2 $5 {According to Kasparov that is better than text
move.} Bxd2+ 5. Nbxd2 O-O (5... c5 6. dxc5 Qa5 7. g3 Qxc5 8. Bg2 Nc6 9. a3 Qe7
10. O-O O-O {1-0 Bogoljubow,E-Selezniev,A/Gothenburg 1920/HCL (62)}) 6. e3 Nc6
({Nowadays the abcensent Bf8 is covered by putting the PP on darck squares:} 
6... d6 7. Bd3 Nc6 8. a3 (8. O-O e5 9. a3 Bg4 {1/2-1/2 Vajda,A-Prokes,L/
Budapest 1926/EXT 99 (23)}) 8... e5 9. d5 Ne7 10. Qc2 Bg4 {1/2-1/2 Cruz,
J-Robbiano Taboada,C/Lima 2000/EXT 2001 (10)}) 7. Bd3 d5 (7... d6) 8. Rc1 Bd7 {
1-0 Mackenzie,G-Noa,J/London 1883/HCL (52)}) 4... c5 5. a3 Bxd2+ 6. Qxd2 cxd4
7. Qxd4 $1 Nc6 8. Qd3 $146 (8. Qd1 d5 9. cxd5 Qxd5 10. Bg5 (10. Qxd5 $5 {text})
10... Bd7 11. Bxf6 Qxd1+ 12. Rxd1 {1/2-1/2 Khodos,G-Barcza,G/URS 1968/MCD (64)}
) (8. Qh4 d5 9. cxd5 Qxd5 10. e3 O-O 11. Bc4 Qf5 12. O-O e5 {0-1 Mollov,
E-Eingorn,V/Metz 1991/EXT 2002 (24)}) 8... d5 9. cxd5 Qxd5 10. Qxd5 $146 Nxd5 (
10... exd5 $5 {/\ 2N X Pd5 X 2B}) 11. e4 $14 {[/\ BBN > NNB]} Nf6 12. Bd3 O-O (
12... e5 $5) 13. b4 Rd8 14. Ke2 Ng4 $6 (14... b6 $142 15. Bb2 Rxd3 16. Kxd3
Ba6+ 17. Kd2 Rd8+ 18. Ke1 Nxe4 19. Rc1 Bb5 20. h3 f6 $44) 15. Bc2 b6 16. b5 $14
Na5 (16... Nce5 17. Nxe5 Nxe5 18. Bb2 Nc4 19. Bc3 $14) 17. h3 Nf6 18. Bf4 a6 $6
(18... Bb7 $142) 19. a4 axb5 20. axb5 Bb7 21. Nd2 Rac8 22. Rhc1 Nc4 (22... Rd7
23. Bd3 Rcd8 24. Ra3 e5 25. Bxe5 Nxe4 26. Nxe4 Re8 27. Rc7 Rxc7 28. Bxc7 Bxe4
29. Bxe4 Rxe4+ 30. Kd3 Re6 31. Bxb6 $16) 23. f3 Nh5 $16 (23... Na5 $142 24. Ba4
$14) 24. Bg5 f6 (24... Rd4 25. Nxc4 $16) 25. Nxc4 fxg5 (25... Rxc4 26. Be3 $18)
26. Nxb6 $18 Nf4+ 27. Kf1 Rc3 28. Ba4 Rcd3 29. Rc7 Rd2 30. Rxb7 Rxg2 31. Rd1
Rxd1+ 32. Bxd1 h5 33. Nc4 Rh2 34. Rd7 g4 1-0

[Event "Beersheba-St Petersburg"]
[Site "Beersheba"]
[Date "1998.03.04"]
[Round "2"]
[White "Golod, Vitali"]
[Black "Loginov, Valery A"]
[Result "1-0"]
[WhiteElo "2535"]
[BlackElo "2500"]
[Annotator "Golod,V"]
[PlyCount "61"]
[EventDate "1998.03.03"]
[EventType "schev"]
[EventRounds "12"]
[EventCountry "ISR"]
[SourceTitle "CBM 064"]
[Source "ChessBase"]
[SourceDate "1998.06.02"]
[SourceVersion "1"]
[SourceVersionDate "1998.06.02"]
[SourceQuality "1"]
[WhiteTeam "Beer Sheva"]
[BlackTeam "St Petersburg"]
[WhiteTeamCountry "ISR"]
[BlackTeamCountry "RUS"]

1. d4 Nf6 2. c4 e6 3. Nf3 Bb4+ 4. Bd2 Qe7 5. g3 Nc6 6. Bg2 Bxd2+ 7. Nbxd2 d6 8.
O-O O-O 9. e4 e5 10. d5 Nb8 11. Ne1 Bg4 $6 (11... a5 $5 12. Nd3 $5 (12. b3 Na6
13. a3 Bg4 14. f3 Bd7 15. Nd3 c6 16. dxc6 Bxc6 $11 {Akhmadeev,V-Loginov,V/
Kstovo op 1994/0-1 (85)}) 12... Bg4 $6 (12... Bd7 $5 13. f4 Na6 14. Re1 Nb4 15.
Nf2 a4 16. f5 h6 17. Nf3 c6 $11) (12... Na6 13. f4 (13. b3 Bd7 14. a3 b5 15.
Qc2 Rfb8 $11 {0-1 Grabarczyk,M-Rozentalis,E/MK Cafe op 1997 (41)}) 13... Nc5
14. Nxc5 dxc5 15. Qc2 Ng4 16. Qc3 f6 17. Rae1 Nh6 18. Nb3 a4 19. Nc1 a3 20. b3
$14 {Latzke,B-Lomineishvili,M/Schwaebisch Gmuend op 1997/0-1 (63)}) 13. Qe1 $1
(13. f3 $6 Bd7 14. f4 Na6 15. f5 h6 16. g4 Nh7 17. Nf3 c6 $15 {0-1 Tondivar,
B-Ulibin,M/Leeuwarden op 1993 (32)}) 13... Na6 14. f4 exf4 (14... Bd7 $5 15.
fxe5 dxe5 16. Nf3 $141 Nb4 17. Nfxe5 Nc2 18. Qc3 Nxa1 19. Rxa1) 15. gxf4 Rfe8
$2 (15... Nb4 $5 16. Nxb4 axb4 17. Qg3 Bd7 18. e5 Nh5 19. Qf3 g6 $14) 16. a3 a4
17. Qe3 Bd7 18. Rae1 $14 {1-0 Volkov,S-Loginov,V/RUS-Cup7 1997 (32)}) 12. f3 (
12. Qb3 $2 Be2 13. Qxb7 Nbd7 14. Qxc7 a5 $1 $15) 12... Bd7 (12... Bh5 $6 13.
Nd3 a5 14. Qc2 Na6 15. a3 Nd7 16. b4 $14 {1-0 Klee,M-Staudte,R/Sachsen-ch 1996
(27)}) 13. Nd3 $5 (13. Qb3 Bc8 (13... b6 14. Qc3 {[%csl Re5][%cal Ge1d3,Gf3f4,
Gc3e5] /\Nd3,f4}) 14. Nd3 a5 15. Qc3 Na6 $2 16. Qxa5 $16 {Ikonnikov,V-Murdzia,
P/Cappelle op 1997/1-0 (54)}) (13. b4 $6 a5 14. a3 Na6 15. Nd3 (15. Rb1 c6 $13)
15... axb4 16. axb4 c6 17. Qb3 cxd5 18. cxd5 Bb5 $11 {0-1 Hammes,M-Christoffel,
U/RLPF-ch 1992 (60)}) 13... c6 $6 (13... a5 $5 {/\Na6,b6,Nc5}) 14. Qb3 $1 $14 (
14. Kh1 $5 cxd5 15. cxd5 Bb5 16. Qb3 Bxd3 17. Qxd3 Na6 18. Qa3 Nd7 19. Nc4 $14
{Murdzia,P-Szczechowicz,B/Polanica Zdroj op 1996/1-0 (55)}) 14... cxd5 (14...
b5 $2 15. cxb5 $1 (15. dxc6 $2 bxc4 16. Nxc4 Nxc6 17. Qa3 Be6 $13) 15... cxb5
16. a4 $1 a6 $14 (16... bxa4 $2 17. Qb7 Qd8 18. Nc4 $16)) (14... Bc8 $5 $14)
15. cxd5 (15. Qxb7 $2 Nc6 16. exd5 Rfb8 17. Qa6 Rb6 18. Qa3 (18. Qa4 $2 Nb4 19.
Qb3 Nbxd5 $36) 18... Nd4 $44) 15... b6 $6 (15... Bc8 $5 $14) (15... Be8 $5 $14)
16. f4 $1 {/\Rae1} Na6 $6 $146 (16... Ng4 $5 17. Rae1 f6 18. Bh3 Na6 19. Nc4 (
19. Qa3 $5 {Golod}) 19... Rfc8 20. fxe5 Nxe5 21. Ncxe5 Bxh3 22. Nc6 $13 {
1-0 Van Gisbergen,S-Sutmuller,J/NLD-chT9495 1994 (40)}) 17. Qa3 $1 $16 {
[%csl Ra6,Rd6,Re5][%cal Ga3d6,Ga3a6]} Bb5 $6 (17... Nc5 18. fxe5 $1 dxe5 19.
Rfc1 Rac8 20. Nb3 $16) 18. fxe5 Ng4 19. exd6 Qg5 20. Rf4 $1 Qh5 (20... Ne3 21.
Qb3 $1 Bxd3 22. Qxd3 Nxg2 23. Kxg2 $18) 21. Nf1 Nc5 $8 (21... g5 22. Rf5 Nh6
23. Nf4 Qg4 24. Ne3 $18 {[%csl Rg4]}) 22. Nxc5 Bxf1 23. Kxf1 $1 $18 Nxh2+ 24.
Kg1 g5 $2 (24... Ng4 25. Qf3 (25. Na6 $5) 25... Qh2+ 26. Kf1 Ne5 27. Qf2 Ng6 (
27... bxc5 $2 28. Rh4) 28. Nd3 Nxf4 29. Nxf4 $18) 25. Nd7 $1 {[%csl Yd7,Rg8,
Rh5][%cal Gd7f6]} f5 26. Nxf8 gxf4 27. Ne6 Ng4 (27... f3 28. Qc3 $18) 28. Nxf4
Qh2+ 29. Kf1 fxe4 30. d7 Kf7 (30... e3 31. Qe7 Qxg3 (31... e2+ 32. Qxe2 Qxg3
33. Qe8+ $1 Rxe8 34. dxe8=Q+ Kg7 35. Nh5+ $18) 32. Qe8+ $1 {[%csl Rg3][%cal
Gf4h5,Gh5g3]} Rxe8 33. dxe8=Q+ Kg7 34. Nh5+ $18) 31. Re1 1-0